[Event "RSA-chT U20A"]
[Site "Boksburg"]
[Date "2018.12.16"]
[Round "1.4"]
[White "Du Plessis, Anika"]
[Black "Van Zyl, Albrecht"]
[Result "1/2-1/2"]
[WhiteElo "1502"]
[BlackElo "1610"]
[PlyCount "129"]
[EventDate "2018.12.16"]
[EventType "team-tourn"]
[EventRounds "7"]
[EventCountry "RSA"]
[SourceTitle "EXT 2020"]
[Source "ChessBase"]
[SourceDate "2019.10.17"]
[SourceVersion "1"]
[SourceVersionDate "2019.10.17"]
[SourceQuality "1"]
[WhiteTeam "Ekurhuleni U20"]
[BlackTeam "Western Province U20"]
[WhiteTeamCountry "RSA"]
[BlackTeamCountry "RSA"]

1. e4 c6 2. d4 d5 3. Nc3 dxe4 4. Nxe4 Nf6 5. Ng3 e5 6. Nf3 exd4 7. Qxd4 Qxd4 8. Nxd4 Bc5 9. Nb3 Bb6 10. Bc4 0-0 11. 0-0 Nbd7 12. Bf4 Nc5 13. Bd6 Nxb3 14. axb3 Re8 15. h3 h5 16. Bd3 h4 17. Nf5 Bxf5 18. Bxf5 Rad8 19. Bf4 Rd5 20. Bd3 g5 21. Be3 Rde5 22. Ra4 Rxe3 23. fxe3 Bxe3+ 24. Kh1 Nh5 25. Rf3 Ng3+ 26. Kh2 Kg7 27. Rg4 f6 28. b4 Bb6 29. Rfxg3 Bc7 30. Re4 Bxg3+ 31. Kg1 Be5 32. Kf2 b5 33. Kf3 f5 34. Re2 Kf6 35. c3 Ra8 36. Ke3 a5 37. bxa5 Rxa5 38. Rf2 Bf4+ 39. Kd4 Ra8 40. Rf3 Ra2 41. Rf2 c5+ 42. Kd5 c4 43. Bb1 Ra8 44. Bc2 Re8 45. Kc6 Re5 46. Bd1 Ke6 47. Re2 Be3 48. Bc2 g4 49. hxg4 fxg4 50. b3 Kf6 51. Re1 Kg5 52. bxc4 bxc4 53. Kd6 Bf4 54. Rxe5+ Kf6 55. Kd5 Bxe5 56. Kxc4 Kg5 57. Be4 Kf4 58. Bd5 Ke3 59. Bc6 Kd2 60. Kd5 Bxc3 61. Ke4 Ke2 62. Kf4 g3 63. Kg5 h3 64. gxh3 Kf2 65. Kg4 1/2-1/2

[Event "RSA-chT U20A"]
[Site "Boksburg"]
[Date "2018.12.16"]
[Round "2.4"]
[White "Van Zyl, Albrecht"]
[Black "Sass, Franco"]
[Result "1-0"]
[WhiteElo "1610"]
[BlackElo "918"]
[PlyCount "55"]
[EventDate "2018.12.16"]
[EventType "team-tourn"]
[EventRounds "7"]
[EventCountry "RSA"]
[SourceTitle "EXT 2020"]
[Source "ChessBase"]
[SourceDate "2019.10.17"]
[SourceVersion "1"]
[SourceVersionDate "2019.10.17"]
[SourceQuality "1"]
[WhiteTeam "Western Province U20"]
[BlackTeam "Eden District U20"]
[WhiteTeamCountry "RSA"]
[BlackTeamCountry "RSA"]

1. e4 d5 2. exd5 Qxd5 3. Nc3 Qe5+ 4. Nge2 e6 5. d4 Qf6 6. Bf4 Nh6 7. Bxc7 Bb4 8. a3 Bxc3+ 9. Nxc3 0-0 10. Be5 Qe7 11. Nb5 Rd8 12. Nc7 Nc6 13. Nxa8 Nxe5 14. Qh5 Neg4 15. h3 Nf6 16. Qc5 Qd7 17. Bd3 b6 18. Qe5 Bb7 19. Nc7 Nd5 20. Nxd5 exd5 21. 0-0 Re8 22. Qf4 Re6 23. Rfe1 Rf6 24. Qb8+ Bc8 25. Bb5 Rc6 26. Bxc6 Qxc6 27. Qc7 Qd7 28. Re7 1-0